Construction practice / (Record no. 532209)

000 -LEADER
fixed length control field 03121cam a2200337 a 4500
001 - CONTROL NUMBER
control field 16548542
003 - CONTROL NUMBER IDENTIFIER
control field NUST
005 - DATE AND TIME OF LATEST TRANSACTION
control field 20191113094855.0
008 - FIXED-LENGTH DATA ELEMENTS--GENERAL INFORMATION
fixed length control field 101122s2011 enkae b 000 0 eng
010 ## - LIBRARY OF CONGRESS CONTROL NUMBER
LC control number 2010049556
020 ## - INTERNATIONAL STANDARD BOOK NUMBER
International Standard Book Number 9781444336689 (pbk.)
038 ## - RECORD CONTENT LICENSOR
Staff Name MSOHAIL
040 ## - CATALOGING SOURCE
Original cataloging agency DLC
Transcribing agency DLC
Modifying agency DLC
042 ## - AUTHENTICATION CODE
Authentication code pcc
050 00 - LIBRARY OF CONGRESS CALL NUMBER
Classification number TH146
Item number .C658 2011
082 00 - DEWEY DECIMAL CLASSIFICATION NUMBER
Classification number 690
Edition number 22
084 ## - OTHER CLASSIFICATION NUMBER
Classification number TEC005000
Number source bisacsh
100 1# - MAIN ENTRY--PERSONAL NAME
Personal name Cooke, B.
Fuller form of name (Brian)
9 (RLIN) 25578
245 10 - TITLE STATEMENT
Title Construction practice /
Statement of responsibility, etc. Brian Cooke.
260 ## - PUBLICATION, DISTRIBUTION, ETC.
Place of publication, distribution, etc. Chichester, West Sussex ;
-- Hoboken, N.J. :
Name of publisher, distributor, etc. Wiley-Blackwell,
Date of publication, distribution, etc. 2011.
300 ## - PHYSICAL DESCRIPTION
Extent viii, 392 p. :
Other physical details ill. (chiefly col.), plans ;
Dimensions 25 cm.
504 ## - BIBLIOGRAPHY, ETC. NOTE
Bibliography, etc. note Includes bibliographical references.
520 ## - SUMMARY, ETC.
Summary, etc. "Construction is a highly practical subject. Students on all built environment degree programmes are expected to know and understand building technology from both a theoretical and practical standpoint. Construction site visits are a popular way for students to become acquainted with the practical aspects of construction, but these visits can only show students a small proportion of the technology of construction. Based around a series of full colour photographic sequences, augmented by carefully chosen line illustrations and text, Construction Practice provides students with a comprehensive overview of practical construction technology. The sequences follow a logical progression through the subject and include contemporary and established practice, as well as modern methods of construction. The book also includes some examples of continental European construction methods where these differ from established UK practice"--
Assigning source Provided by publisher.
520 ## - SUMMARY, ETC.
Summary, etc. "Construction is a highly practical subject. Students on all built environment degree programmes are expected to know and understand building technology from both a theoretical and practical standpoint. Construction site visits are a popular way for students to become acquainted with the practical aspects of construction, but these visits can only show students a small proportion of the technology of construction. Based around a series of full colour photographic sequences, augmented by carefully chosen line illustrations and text, Construction Practice provides students with a comprehensive overview of practical construction technology. The sequences follow a logical progression through the subject and include contemporary and established practice, as well as modern methods of construction. The book also includes some examples of continental European construction methods where these differ from established UK practice"--
Assigning source Provided by publisher.
650 #0 - SUBJECT ADDED ENTRY--TOPICAL TERM
Topical term or geographic name entry element Building.
9 (RLIN) 25579
650 #7 - SUBJECT ADDED ENTRY--TOPICAL TERM
Topical term or geographic name entry element TECHNOLOGY & ENGINEERING / Construction / General
Source of heading or term bisacsh.
9 (RLIN) 25580
856 42 - ELECTRONIC LOCATION AND ACCESS
Materials specified Cover image
Uniform Resource Identifier <a href="http://catalogimages.wiley.com/images/db/jimages/9781444336689.jpg">http://catalogimages.wiley.com/images/db/jimages/9781444336689.jpg</a>
906 ## - LOCAL DATA ELEMENT F, LDF (RLIN)
a 7
b cbc
c orignew
d 1
e ecip
f 20
g y-gencatlg
942 ## - ADDED ENTRY ELEMENTS (KOHA)
Source of classification or shelving scheme
Koha item type Book
Holdings
Withdrawn status Lost status Source of classification or shelving scheme Damaged status Not for loan Permanent Location Current Location Date acquired Total Checkouts Full call number Barcode Date last seen Price effective from Koha item type
          School of Civil and Environmental Engineering (SCEE) School of Civil and Environmental Engineering (SCEE) 11/13/2019   690 NIT-12115 11/13/2019 11/13/2019 Book
© 2023 Central Library, National University of Sciences and Technology. All Rights Reserved.